[Event "Wellington Open 2018"]
[Site "Wellington NZL"]
[Date "2018.03.31"]
[Round "4"]
[White "James, Jack"]
[Black "Ker, Anthony F"]
[Result "1/2-1/2"]
[WhiteElo "2019"]
[BlackElo "2307"]

1. e4 c5 2. Nf3 g6 3. d4 cxd4 4. Nxd4 Bg7 5. Nc3 Nc6 6. Be3 Nf6 7. Nxc6 bxc6 8.
e5 Ng8 9. Bd4 Nh6 10. e6 f6 11. exd7+ Qxd7 12. Bc4 Nf5 13. Bc5 Nd6 14. Bb3 Ba6
15. Qd4 Nc4 16. Qxd7+ Kxd7 17. O-O-O+ Ke8 18. Bxc4 Bxc4 19. Rhe1 Bf8 20. Ne4
Be6 21. Nxf6+ Kf7 22. Nd7 Bh6+ 23. Be3 Bg7 24. Nc5 Bd5 25. f3 a5 26. Bd4 Bh6+
27. Be3 Bg7 28. Bd4 Bh6+ 29. Kb1 Rhd8 30. b3 Rdb8 31. c4 Bxc4 32. Nd7 Bxb3 33.
axb3 Rxb3+ 34. Kc2 a4 35. Nb6 Rd8 36. Bc5 Rxd1 37. Rxd1 Rb5 38. Nxa4 Ra5 39.
Kb3 Rb5+ 40. Kc4 Ra5 41. Nc3 Bg7 42. Bd4 Bh6 43. Re1 Bf4 44. h3 Bd6 45. Re2 h5
46. Ra2 Rf5 47. Ra6 Rg5 48. g4 hxg4 49. hxg4 Ke6 50. Rxc6 Ra5 51. Kd3 Kd7 52.
Rb6 Ra3 53. Ke4 Ra1 54. Rb1 Ra8 55. Nd5 Rf8 56. Rb7+ Ke6 57. Ra7 Rc8 58. Nf4+
Kf7 59. Nh3 Rc1 60. Ng5+ Ke8 61. Ra1 Rc8 62. Rh1 Kd7 63. Rh7 Rc4 64. Kd3 Ra4
65. Ne4 Ra3+ 66. Bc3 Ra6 67. Rg7 Ba3 68. Bb2 Bxb2 69. Nc5+ Ke8 70. Nxa6 Bxg7
71. Nc5 Kf7 72. Ke4 e6 73. f4 Ke7 74. Nxe6 Kxe6 1/2-1/2

[Event "Wellington Open 2018"]
[Site "Wellington NZL"]
[Date "2018.03.31"]
[Round "4"]
[White "Aldridge, Alan L"]
[Black "Timergazi, Layla"]
[Result "0-1"]
[WhiteElo "1872"]
[BlackElo "1958"]

1. b3 Nf6 2. Bb2 d5 3. e3 Bg4 4. Be2 Bxe2 5. Qxe2 e6 6. f4 c6 7. Nf3 Nbd7 8.
O-O Bc5 9. Nc3 Nf8 10. Na4 Bd6 11. c4 Ng6 12. c5 Bc7 13. Bd4 h5 14. Nb2 Ne7 15.
Nh4 a5 16. Nd3 b6 17. Rf3 bxc5 18. Bxc5 Bb6 19. Rc1 Nd7 20. Rff1 Nxc5 21. Nxc5
d4 22. f5 e5 23. f6 gxf6 24. Nf5 Nxf5 25. Rxf5 Qd5 26. Na4 Bd8 27. e4 Qb5 28.
d3 Be7 29. Rc4 O-O-O 30. Rxh5 Rhg8 31. Qc2 Kb7 32. Rf5 Rg6 33. Rf1 Rdg8 34. g3
Rc8 35. Rc1 Bb4 36. Nc5+ Bxc5 37. Rxc5 Qb6 38. Qc4 Rg7 39. Qa4 Qb4 40. Qxa5
Qxa5 41. Rxa5 Kb6 42. Rac5 Rg5 43. b4 Ra8 44. Rxc6+ Kb5 45. R1c2 Rg6 46. Rc7
Kxb4 47. Rb7+ Ka3 48. Rcc7 Kxa2 49. Ra7+ Rxa7 50. Rxa7+ Kb2 51. Rc7 Rg8 52. Kf2
Rb8 53. h4 Rb3 54. Ke2 Rc3 55. Ra7 Rc2+ 56. Kd1 Rg2 57. Rc7 Rxg3 58. Rc2+ Kb3
59. Rh2 Kc3 60. h5 Kxd3 61. Rh1 Kxe4 62. h6 Rg8 63. h7 Rh8 64. Ke2 Kf5 65. Kf3
Kg6 0-1

[Event "Wellington Open 2018"]
[Site "Wellington NZL"]
[Date "2018.03.31"]
[Round "4"]
[White "Dive, Russell J"]
[Black "Goodhue, Nathan"]
[Result "1/2-1/2"]
[WhiteElo "2318"]
[BlackElo "1915"]

1. Nf3 e6 2. c4 f5 3. g3 b6 4. Bg2 Bb7 5. O-O Nf6 6. d3 d5 7. cxd5 exd5 8. Nc3
Be7 9. Qb3 Na6 10. d4 c6 11. Bh3 g6 12. Bh6 Bf8 13. Bxf8 Rxf8 14. Ne5 Nd7 15.
Nd3 Qe7 16. Rfe1 Nc7 17. e3 Ne6 18. a4 Ng5 19. Bg2 a5 20. Rac1 Ne4 21. f3 Nxc3
22. bxc3 Qf7 23. Nc5 Nxc5 24. dxc5 bxc5 25. Qb6 Ra6 26. Qxc5 Qe7 27. Qd4 c5 28.
Qd2 Rd6 29. c4 Qd8 30. Qc3 Kf7 31. cxd5 Bxd5 32. e4 fxe4 33. fxe4 Be6 34. Qxc5
Kg8 35. Rf1 Rxf1+ 36. Bxf1 Rd1 37. Rxd1 Qxd1 38. Qc6 Kf7 39. Kf2 Qd2+ 40. Be2
Kf6 41. h4 h5 42. Qc5 Bg4 43. Qe3 Qb2 44. Qg5+ Kf7 45. Qd5+ Kg7 46. Qc4 Bxe2
1/2-1/2

[Event "Wellington Open 2018"]
[Site "Wellington NZL"]
[Date "2018.03.31"]
[Round "4"]
[White "Croad, Nicholas"]
[Black "Nyberg, Michael"]
[Result "1-0"]
[WhiteElo "2294"]
[BlackElo "1920"]

1. d4 Nf6 2. c4 e6 3. Nf3 d5 4. Nc3 c6 5. cxd5 exd5 6. Bg5 Bf5 7. Qb3 Bc8 8. e3
Nbd7 9. Bd3 Bd6 10. Qc2 h6 11. Bh4 b5 12. e4 dxe4 13. Nxe4 Qa5+ 14. Kf1 Qc7 15.
Nxd6+ Qxd6 16. Re1+ Kf8 17. Ne5 Bb7 18. Nxd7+ Qxd7 19. Qc5+ Kg8 20. Bxf6 gxf6
21. Re7 Qg4 22. f3 Qf4 23. Qh5 Qc1+ 24. Kf2 Qxb2+ 25. Kg3 Qxa2 26. Rxb7 Kf8 27.
Qc5+ Kg7 28. Re1 Rhg8 29. Re2 Kh8+ 30. Kh3 Qb3 31. Qf5 Rg7 32. Rbe7 Rg6 33.
Re8+ Rxe8 34. Rxe8+ Kg7 35. Qc8 f5 36. Rg8+ Kf6 37. Qd8+ Ke6 38. Re8# 1-0

[Event "Wellington Open 2018"]
[Site "Wellington NZL"]
[Date "2018.03.31"]
[Round "4"]
[White "Steadman, Michael V R"]
[Black "Brockway, Andrew"]
[Result "1-0"]
[WhiteElo "2194"]
[BlackElo "1736"]

1. b4 e5 2. a3 d5 3. g3 Nf6 4. Bg2 Bf5 5. Bb2 Nbd7 6. c4 e4 7. cxd5 Nxd5 8. d3
N7f6 9. dxe4 Bxe4 10. Nf3 c6 11. Nbd2 Bxf3 12. Nxf3 Be7 13. O-O O-O 14. Qc2 Qc8
15. Nd4 Re8 16. Nf5 Bf8 17. e4 Nc7 18. Nh6+ gxh6 19. Bxf6 Bg7 20. Bxg7 Kxg7 21.
Rad1 Qe6 22. Rd3 Rad8 23. Rfd1 Rxd3 24. Qxd3 Re7 25. Qd4+ f6 26. Qxa7 Nb5 27.
Qe3 Rd7 28. Rxd7+ Qxd7 29. e5 fxe5 30. Qxe5+ Kf7 31. Qh5+ Kg7 32. a4 Nc7 33.
Bh3 Qe7 34. Qg4+ Kh8 35. Qc8+ Ne8 36. Bd7 Qe1+ 1-0

[Event "Wellington Open 2018"]
[Site "Wellington NZL"]
[Date "2018.03.31"]
[Round "4"]
[White "Macdonald, Paul"]
[Black "Chen, Wei Kai"]
[Result "1-0"]
[WhiteElo "2002"]
[BlackElo "1690"]

1. b3 d5 2. Bb2 c5 3. Nf3 Nc6 4. e3 Nf6 5. Bb5 Bg4 6. d3 e6 7. Nbd2 Be7 8. Qe2
O-O 9. Bxc6 bxc6 10. h3 Bh5 11. g4 Bg6 12. Ne5 Qc7 13. Nxg6 hxg6 14. O-O-O Nd7
15. h4 Bf6 16. g5 Bxb2+ 17. Kxb2 e5 18. h5 Qd6 19. Qg4 f5 20. gxf6 Rxf6 21.
Rdg1 Kf7 22. hxg6+ Ke7 23. Qh4 Rg8 24. f4 Kf8 25. f5 Qb8 26. e4 Qb4 27. c3 Qb5
28. Rg3 a5 29. Rgh3 Ke7 30. Re1 a4 31. exd5 cxd5 32. d4 cxd4 33. Qxd4 Rxf5 34.
c4 Qc5 35. Qh4+ Nf6 36. cxd5 a3+ 37. Kb1 Rc8 38. Nc4 Qxd5 39. Rhe3 Qg2 40. R3e2
Qxg6 41. Ka1 Rc5 42. Nxe5 Qh5 43. Qxh5 Rxh5 44. Nd3+ Kf7 45. Nxc5 Rxc5 46. Re7+
Kf8 47. Ra7 g5 48. Rf1 Kg8 49. Rxa3 Ne4 50. Kb2 Kg7 51. b4 Rb5 52. Rb3 Nd2 53.
Rg1 Nxb3 54. Kxb3 Kf6 55. a4 Rb8 56. a5 Rg8 57. a6 Ke6 58. Ka4 Kd6 59. Kb5 g4
60. a7 Kc7 61. Rxg4 1-0

[Event "Wellington Open 2018"]
[Site "Wellington NZL"]
[Date "2018.03.31"]
[Round "4"]
[White "Winter, Ryan"]
[Black "Jackson, L Ross"]
[Result "1-0"]
[WhiteElo "1668"]
[BlackElo "1893"]

1. e4 c6 2. d4 d5 3. exd5 cxd5 4. c4 Nf6 5. Nc3 e6 6. Nf3 Be7 7. Bg5 Nbd7 8.
Bd3 b6 9. Ne5 Bb7 10. O-O dxc4 11. Bxc4 O-O 12. Re1 Nd5 13. Bxd5 1-0

[Event "Wellington Open 2018"]
[Site "Wellington NZL"]
[Date "2018.03.31"]
[Round "4"]
[White "Lee, Edward"]
[Black "Ha, Huy Minh (Timothy)"]
[Result "1-0"]
[WhiteElo "1838"]
[BlackElo "1673"]

1. e4 e6 2. d4 d5 3. Nc3 Nf6 4. Bg5 Be7 5. e5 Nfd7 6. Bxe7 Qxe7 7. f4 c5 8. Nb5
Na6 9. Nd6+ Kf8 10. Nf3 h6 11. c3 Nc7 12. Bd3 Ne8 13. Nxe8 Kxe8 14. O-O b6 15.
Kh1 Kd8 16. f5 Kc7 17. b4 c4 18. Bc2 Bb7 19. Qe1 Raf8 20. Qg3 Kc8 21. Nh4 Qg5
22. fxe6 fxe6 23. Qxg5 Rxf1+ 24. Rxf1 hxg5 25. Ng6 Rh6 26. Rf7 Bc6 27. Rxg7 Kd8
28. Rg8+ Kc7 29. Ne7 Bb7 30. Rxg5 b5 31. Rg7 Kd8 32. Ng6 Bc8 33. g4 a6 34. h4
1-0

[Event "Wellington Open 2018"]
[Site "Wellington NZL"]
[Date "2018.03.31"]
[Round "4"]
[White "Weng, Xintong (Winston)"]
[Black "Rossiter, Philip E"]
[Result "1/2-1/2"]
[WhiteElo "1489"]
[BlackElo "1773"]

1. c4 Nf6 2. Nc3 e6 3. g3 d5 4. cxd5 exd5 5. d4 Be7 6. Bg2 c6 7. Nf3 Nbd7 8.
O-O O-O 9. Bf4 Re8 10. Ne5 Nf8 11. Rc1 Ng6 12. Nxg6 hxg6 13. Bg5 Bf5 14. f3 Qd7
15. e4 dxe4 16. fxe4 Bh3 17. e5 Bxg2 18. Kxg2 Nd5 19. Qd2 Rad8 20. Bxe7 Rxe7
21. Qf2 c5 22. dxc5 Rxe5 23. Nxd5 Qxd5+ 24. Kg1 Rf5 25. Qe2 Rxf1+ 26. Qxf1 Qd2
27. Rb1 Qc2 28. Qc1 Rd2 29. Qxc2 Rxc2 30. b4 Rxa2 31. Rd1 Rb2 32. Rd8+ Kh7 33.
Rd4 g5 34. Rc4 Kg6 35. c6 bxc6 36. Rxc6+ f6 37. Ra6 Rxb4 38. Rxa7 g4 39. Kg2
Rb2+ 40. Kg1 f5 41. Ra6+ Kg5 42. Ra7 g6 43. Ra4 Re2 44. Rf4 Re4 45. Rf1 f4 46.
gxf4+ Rxf4 47. Ra1 Rf3 48. Rb1 Kh4 49. Rb6 Kg5 50. Rb1 1/2-1/2

[Event "Wellington Open 2018"]
[Site "Wellington NZL"]
[Date "2018.03.31"]
[Round "4"]
[White "Johnson, Quentin J F"]
[Black "Wevers, Alexis"]
[Result "0-1"]
[WhiteElo "2028"]
[BlackElo "1661"]

1. d4 Nf6 2. c4 g6 3. Nc3 d5 4. cxd5 Nxd5 5. Bd2 Bg7 6. e4 Nf6 7. Nf3 Bg4 8.
Be3 c5 9. Bb5+ Nfd7 10. dxc5 O-O 11. Bd4 Ne5 12. Bxe5 Bxe5 13. Qc2 Bxf3 14.
gxf3 Qa5 15. Rb1 a6 16. b4 Bxc3+ 17. Qxc3 Qxb5 0-1

[Event "Wellington Open 2018"]
[Site "Wellington NZL"]
[Date "2018.03.31"]
[Round "4"]
[White "Sole, Michael D"]
[Black "Forster, William"]
[Result "1/2-1/2"]
[WhiteElo "1686"]
[BlackElo "1867"]

1. e4 c5 2. Nf3 a6 3. c4 e6 4. d4 cxd4 5. Nxd4 d6 6. Nc3 Nf6 7. Be3 Qc7 8. Be2
Nc6 9. O-O Be7 10. Rc1 Bd7 11. Qd2 Ne5 12. f3 Nxc4 13. Bxc4 Qxc4 14. Nd5 exd5
15. Rxc4 dxc4 16. b3 cxb3 17. Nxb3 O-O 18. Bb6 Rac8 19. Rc1 Rxc1+ 20. Nxc1 Rc8
21. Nb3 1/2-1/2

[Event "Wellington Open 2018"]
[Site "Wellington NZL"]
[Date "2018.03.31"]
[Round "4"]
[White "Weiskopf, Philip"]
[Black "Xie, Felix"]
[Result "0-1"]
[WhiteElo "1710"]
[BlackElo "1252"]

1. d4 d5 2. Nc3 Bf5 3. Bf4 Nf6 4. g3 e6 5. Bg2 a6 6. a3 c5 7. e3 Nbd7 8. Nge2
Be7 9. Bg5 h6 10. Bxf6 Nxf6 11. O-O b5 12. dxc5 Bxc5 13. Nd4 Bh7 14. Nce2 O-O
15. c3 Qb6 16. b4 Bd6 17. a4 Rfc8 18. a5 Qd8 19. Rc1 Ra7 20. Re1 Rac7 21. f3
Nd7 22. Qd2 Ne5 23. e4 Nc4 24. Qa2 Ne3 25. exd5 Nxd5 26. Kf2 Nxc3 27. Qb2 Nxe2
28. Nxe2 Rxc1 29. Rxc1 Rxc1 30. Nxc1 Qe7 31. Na2 Bd3 32. Bf1 Bxf1 33. Kxf1 Qc7
34. Qd2 Kf8 35. Qd4 Be5 36. Qe4 Qc4+ 37. Qxc4 bxc4 38. Ke2 Ke7 39. Kd2 Kd6 40.
b5 axb5 41. a6 Kc6 42. a7 Kb7 0-1

[Event "Wellington Open 2018"]
[Site "Wellington NZL"]
[Date "2018.03.31"]
[Round "4"]
[White "He, Caleb"]
[Black "Lyall, Simon"]
[Result "1/2-1/2"]
[WhiteElo "1604"]
[BlackElo "1734"]

1. e4 e5 2. Nf3 Nf6 3. Nxe5 d6 4. Nf3 Nxe4 5. Qe2 Qe7 6. Nc3 Nxc3 7. dxc3 Nc6
8. Bd2 Bf5 9. O-O-O Qxe2 10. Bxe2 O-O-O 11. Bd3 Bxd3 12. cxd3 Be7 13. Rde1 Rde8
14. Re2 h6 15. Rhe1 Kd7 16. Kc2 Bf6 17. Rxe8 Rxe8 18. Rxe8 Kxe8 19. d4 Kd7 20.
d5 Ne7 21. c4 Ng6 22. g3 Ke7 23. Bc3 a6 24. a4 Nf8 25. Bxf6+ Kxf6 26. Kd3 Nd7
27. b4 Nb6 28. a5 Nd7 29. Kd4 Kg6 30. h3 1/2-1/2

[Event "Wellington Open 2018"]
[Site "Wellington NZL"]
[Date "2018.03.31"]
[Round "4"]
[White "Stracy, Don M"]
[Black "List, Robert"]
[Result "1-0"]
[WhiteElo "1575"]
[BlackElo "1591"]

1. e4 b6 2. d4 e6 3. Nf3 Bb7 4. Bd3 f5 5. exf5 Nf6 6. fxe6 dxe6 7. Qe2 Qc8 8.
O-O Bd6 9. Re1 O-O 10. Qxe6+ Qxe6 11. Rxe6 Nbd7 12. Nc3 Bxf3 13. gxf3 Nh5 14.
Be4 Rae8 15. Rxe8 Rxe8 16. Bd5+ Kf8 17. Bd2 Bb4 18. Re1 Ndf6 19. Rxe8+ Kxe8 20.
Bc6+ Ke7 21. a3 Bxc3 22. Bxc3 Nf4 23. b4 Ke6 24. Kf1 Kf7 25. Bd2 N4d5 26. c4
{I've reached the limits of my decryption skills} 1-0